000 nam a22 7a 4500
999 _c7418
_d7418
008 170829b xxu||||| |||| 00| 0 eng d
100 _93945
_aSirohi.M.S.
245 _aGrow with Number-3
260 _aNew Delhi
_bAmity
_c2015